Victims of personal crime: an empirical foundation for a theory of personal victimization
| VerfasserInnen: | ; ; |
|---|---|
| Medienart: | Druck Buch |
| Sprache: | Englisch |
| Veröffentlicht: |
Cambridge, Mass.
Ballinger Publ. Comp.
1978
|
| In: | Jahr: 1978 |
| Bestand in Tübingen: | In Tübingen vorhanden. IFK: B XVI 32 UB: KB 8 A 882 |
| Verfügbarkeit prüfen: | HBZ Gateway |
| Subito Bestelldienst: | Jetzt bestellen. |
| Schlagwörter: |
MARC
| LEADER | 00000cam a2200000 c 4500 | ||
|---|---|---|---|
| 001 | 1605826693 | ||
| 003 | DE-627 | ||
| 005 | 20251225192501.0 | ||
| 007 | tu | ||
| 008 | 850101s1978 xxu||||| 00| ||eng c | ||
| 020 | |a 0884107930 |9 0-88410-793-0 | ||
| 035 | |a (DE-627)1605826693 | ||
| 035 | |a (DE-576)005900344 | ||
| 035 | |a (DE-599)BSZ005900344 | ||
| 035 | |a (OCoLC)03380444 | ||
| 035 | |a (DE-604)8052002578 | ||
| 040 | |a DE-627 |b ger |c DE-627 |e rakwb | ||
| 041 | |a eng | ||
| 044 | |c XD-US | ||
| 082 | 0 | |a 364 | |
| 084 | |a MS 6380 |2 rvk |0 (DE-625)rvk/123753: | ||
| 100 | 1 | |a Hindelang, Michael J. |4 aut | |
| 245 | 1 | 0 | |a Victims of personal crime |b an empirical foundation for a theory of personal victimization |c Michael J. Hindelang; Michael R. Gottfredson; James Garofalo |
| 264 | 1 | |a Cambridge, Mass. |b Ballinger Publ. Comp. |c 1978 | |
| 300 | |a XVII, 324 S. | ||
| 336 | |a Text |b txt |2 rdacontent | ||
| 337 | |a ohne Hilfsmittel zu benutzen |b n |2 rdamedia | ||
| 338 | |a Band |b nc |2 rdacarrier | ||
| 583 | 1 | |a Archivierung prüfen |c 20240324 |f DE-4165 |z 1 |2 pdager | |
| 689 | 0 | 0 | |d g |0 (DE-588)4078704-7 |0 (DE-627)106076612 |0 (DE-576)209209682 |a USA |2 gnd |
| 689 | 0 | 1 | |d s |0 (DE-588)4057788-0 |0 (DE-627)104540796 |0 (DE-576)209123710 |a Strafgefangener |2 gnd |
| 689 | 0 | |5 (DE-627) | |
| 689 | 1 | 0 | |d s |0 (DE-588)4078782-5 |0 (DE-627)106076329 |0 (DE-576)20921001X |a Verbrechensopfer |2 gnd |
| 689 | 1 | 1 | |d s |0 (DE-588)4033197-0 |0 (DE-627)106258532 |0 (DE-576)209000562 |a Kriminologie |2 gnd |
| 689 | 1 | |5 (DE-627) | |
| 689 | 2 | 0 | |d s |0 (DE-588)4078906-8 |0 (DE-627)106075985 |0 (DE-576)209210435 |a Viktimologie |2 gnd |
| 689 | 2 | |5 (DE-627) | |
| 689 | 3 | 0 | |d s |0 (DE-588)4033197-0 |0 (DE-627)106258532 |0 (DE-576)209000562 |a Kriminologie |2 gnd |
| 689 | 3 | |5 (DE-627) | |
| 700 | 1 | |a Gottfredson, Michael R. |d 1951- |0 (DE-588)1089133464 |0 (DE-627)851011462 |0 (DE-576)459905368 |4 aut | |
| 700 | 1 | |a Garofalo, James |4 aut | |
| 889 | |w (DE-627)011363800 | ||
| 935 | |i mdedup | ||
| 936 | r | v | |a MS 6380 |b Kriminalität, Gefängnis, Erziehungsheim |k Soziologie |k Spezielle Soziologien |k Soziale Probleme |k Kriminalität, Gefängnis, Erziehungsheim |0 (DE-627)1271441438 |0 (DE-625)rvk/123753: |0 (DE-576)201441438 |
| 951 | |a BO | ||
| ELC | |b 1 | ||
| LOK | |0 000 xxxxxcx a22 zn 4500 | ||
| LOK | |0 001 3115158718 | ||
| LOK | |0 003 DE-627 | ||
| LOK | |0 004 1605826693 | ||
| LOK | |0 005 20020606000000 | ||
| LOK | |0 008 910502||||||||||||||||ger||||||| | ||
| LOK | |0 040 |a DE-21 |c DE-627 |d DE-21 | ||
| LOK | |0 852 |a DE-21 | ||
| LOK | |0 852 1 |c KB 8 A 882 |9 00 | ||
| LOK | |0 935 |a krim | ||
| LOK | |0 936ln |a k8.9.2 | ||
| LOK | |0 939 |a 02-05-91 |b l01 | ||
| LOK | |0 000 xxxxxcx a22 zn 4500 | ||
| LOK | |0 001 3115158769 | ||
| LOK | |0 003 DE-627 | ||
| LOK | |0 004 1605826693 | ||
| LOK | |0 005 20140321094214 | ||
| LOK | |0 008 930402||||||||||||||||ger||||||| | ||
| LOK | |0 040 |a DE-21-110 |c DE-627 |d DE-21-110 | ||
| LOK | |0 689 |a s |a Viktimisierung | ||
| LOK | |0 852 |a DE-21-110 | ||
| LOK | |0 852 1 |c B XVI 32 |m p |9 00 | ||
| LOK | |0 935 |a k110 | ||
| LOK | |0 936ln |a 8.9. | ||
| LOK | |0 938 |k p | ||
| LOK | |0 939 |a 02-04-93 |b l01 | ||
| ORI | |a SA-MARC-krimdoka001.raw | ||
| SIG | |a IFK: B XVI 32 | ||
| SIG | |a UB: KB 8 A 882 | ||
